| 000 | 00719pam a2200217 a 4500 | ||
|---|---|---|---|
| 001 | 1108309 | ||
| 005 | 20250823095959.0 | ||
| 008 | 930929s1994 miub b 001 0 eng | ||
| 020 | _a0310384710 | ||
| 020 | _a9780310384717 | ||
| 050 | 0 | 0 |
_aBM487 _b.C58 1994 |
| 082 | 0 | 0 |
_a296.1/55 _220 |
| 100 | 1 |
_aCook, Edward M., _d1952- |
|
| 245 | 1 | 0 |
_aSolving the mysteries of the Dead Sea Scrolls : _bnew light on the Bible / _cEdward M. Cook. |
| 260 |
_aGrand Rapids, Mich. : _bZondervan, _cc1994. |
||
| 300 |
_a191 p. : _bmap ; _c21 cm. |
||
| 650 | 0 |
_aChristianity _xOrigin. |
|
| 650 | 0 | _aQumran community. | |
| 856 | 4 | 2 |
_3Publisher description _uhttp://www.loc.gov/catdir/enhancements/fy0633/93039075-d.html |
| 942 |
_2lcc _cBK _n0 |
||
| 999 |
_c7345 _d7345 |
||